00390nam a22001457a 450000500170000000800410001702200130005804100120007108200130008310000120009624500350010826000460014330000300018965000250021920240904081320.0240904b |||||||| |||| 00| 0 eng d a10246991 aEnglish a349 NAM  lEnglish aThe Namibian Law Reports 2022  aCape Town: bJuta and Company Ltd, c2022 bxix, 311 pages; c26 cm.  aLegal practice bLaw